GATE Topic-wise Previous Years Solved Question Papers Computer Science and Information Technology 2020 (Record no. 176582)

MARC details
000 -LEADER
fixed length control field 00690nam a22001697a 4500
005 - DATE AND TIME OF LATEST TRANSACTION
control field 20210111121527.0
010 ## - LCCN (DPL NO)
LC control number ENG-128743
020 ## - INTERNATIONAL STANDARD BOOK NUMBER
International Standard Book Number 978-93-534-3778-7
Terms of availability 599.00
035 ## - SYSTEM CONTROL NUMBER
System control number EN-112275
037 ## - SOURCE OF ACQUISITION
Source of stock number/acquisition DBAD/PUB
082 ## - DEWEY DECIMAL CLASSIFICATION NUMBER
Classification number 005
245 ## - TITLE STATEMENT
Title GATE Topic-wise Previous Years Solved Question Papers Computer Science and Information Technology 2020
260 ## - PUBLICATION, DISTRIBUTION, ETC. (IMPRINT)
Place of publication, distribution, etc Uttar Pradesh
Name of publisher, distributor, etc Pearson India Education Services Pvt. Ltd.
Date of publication, distribution, etc 2020
270 ## - ADDRESS
City Uttar Pradesh
Postal code 201301
Address 15th Floor, Tower-B, World Trade Tower, Plot No.- 1, Block-C, Sector-16, Noida
Electronic mail address companysecretary.india@pearson.com
Telephone number 044-66540100
300 ## - PHYSICAL DESCRIPTION
Extent various pages.
Dimensions 25cm(pbk)
942 ## - ADDED ENTRY ELEMENTS (KOHA)
Source of classification or shelving scheme Dewey Decimal Classification
Item type English Books
Classification part 005
Call number suffix GAT
Holdings
Withdrawn status Lost status Not for loan Collection code Home library Current library Date acquired Source of acquisition Cost, normal purchase price Full call number Barcode Copy number Cost, replacement price Koha item type
      Non-fiction Central Library Central Library 11/01/2021 DBAD/PUB 599.00 005 GAT EN-112275 1 599.00 English Books

© Delhi Public Library
Hit Counter
free hit counter